000 00756 a2200241 4500
003 IN-BaIIA
005 20250402115049.0
008 250318b |||||||| |||| 00| 0 eng d
020 _a978-1-032-04003-5
040 _cIIA Library
080 _a520
_bADE
100 _aAde, Peter A.R
_949205
245 _aPhysical principles of astronomical instrumentation
_cPeter A.R. Ade, Matthew J. Griffin and Carole E. Tucker
260 _bCRC Press
_c2022
_aBoca Raton
300 _axv, 303p.
490 _aSeries in astronomy and astrophysics
500 _aindex given; ill.
650 _aRadiation
_91862
650 _aAstronomical instrumentation
_93629
700 _aGriffin, Matthew J.
_949206
700 _aTucker, Carole E.
_949207
942 _2udc
_cBK
999 _c36085
_d36085